Viswa cinema ka saundryabodh(विश्व सिनेमा का सौन्दर्यबोध) (Record no. 113265)

MARC details
000 -LEADER
fixed length control field 00556 a2200181 4500
005 - DATE AND TIME OF LATEST TRANSACTION
control field 20260330110600.0
008 - FIXED-LENGTH DATA ELEMENTS--GENERAL INFORMATION
fixed length control field 250211b |||||||| |||| 00| 0 eng d
020 ## - INTERNATIONAL STANDARD BOOK NUMBER
International Standard Book Number 9789326352970
080 ## - UNIVERSAL DECIMAL CLASSIFICATION NUMBER
Universal Decimal Classification number 791.4=H
Item number SHR/V
100 ## - MAIN ENTRY--PERSONAL NAME
Personal name Shriram Tiwari;ed.by
245 ## - TITLE STATEMENT
Title Viswa cinema ka saundryabodh(विश्व सिनेमा का सौन्दर्यबोध)
250 ## - EDITION STATEMENT
Edition statement 3rd ed
260 ## - PUBLICATION, DISTRIBUTION, ETC. (IMPRINT)
Name of publisher, distributor, etc Bharatiya Jnanpith
Place of publication, distribution, etc New Delhi.
Date of publication, distribution, etc 2018.
300 ## - PHYSICAL DESCRIPTION
Extent 243p.
653 ## - INDEX TERM--UNCONTROLLED
Uncontrolled term Cinema-Hindi Literature
700 ## - ADDED ENTRY--PERSONAL NAME
Personal name Prabhunath Singh Azami
942 ## - ADDED ENTRY ELEMENTS (KOHA)
item type Under processing
Holdings
Lost status Source of classification or shelving scheme Not for loan Home library Current library Date acquired Cost, normal purchase price Total Checkouts Full call number Barcode Date last seen Cost, replacement price Price effective from Koha item type Shelving location
  Universal Decimal Classification   University Library University Library 31/01/2024 227.50   791.4=H SHR/V 00095863 31/01/2024 350.00 31/01/2024 Books  
  Universal Decimal Classification Not For Loan University Library University Library 13/11/2024 227.50   791.4=H SHR/V;1 00096307 13/11/2024 350.00 13/11/2024 Books On Display
University Library, CUSAT